000 00526nam a2200181Ia 4500
005 20250508150341.0
008 008 250505s9999 xx 000 0 eng d
037 _aTextual
040 _aFEDL
_beng
_cFEDL
041 _aeng
_2eng
084 _a507, WES
_qFEDL
100 _aWestaway F W
_9756473
245 0 _aScience teaching: What it was -what it is-what it might be
260 _aLondon, UK
_bBlackie and Son Limited
_c1929
300 _axxii,442p
942 _cTEXL
_h507, WES
999 _c1323139
_d1323139